Good Morning Lyrics - Kanye West - Statistics

General Stats
  • This quiz has been taken 39 times
  • The average score is 130 of 293
Answer Stats
Answer % Correct
Good
100%
good
100%
Morning
100%
morning
100%
I
87%
We
87%
we
87%
a
77%
The
77%
the
77%
I'm
74%
He
71%
Mr.
71%
Up
71%
up
71%
Every
68%
every
68%
Wake
68%
Impressed
65%
On
65%
on
65%
Test
65%
This
65%
this
65%
You
65%
you
65%
By
61%
Got
61%
Is
61%
look
61%
So
61%
To
61%
to
61%
At
58%
at
58%
Cheated
58%
mother
58%
Did
55%
D's
55%
in
55%
Mean
55%
uh
55%
Welcome
55%
And
52%
Class
52%
Day
52%
Even
52%
Graduation
52%
Legendary
52%
Rosie
52%
Ass
48%
Basic
48%
Become
48%
Damn
48%
Guess
48%
Homie
48%
My
48%
See
48%
Barely
45%
Lookin
45%
Of
45%
of
45%
Yes
45%
Any
42%
Mr. West
42%
Pass
42%
Perez
42%
Dreamed
35%
Everything
35%
Mr. Freash
35%
Self
35%
Fly
32%
From
32%
from
32%
graduate
32%
Like
32%
Streets
32%
streets
32%
Jeans
29%
Necessary
29%
But
26%
but
26%
Detroit
26%
His
26%
it
26%
Malcom X
26%
read
26%
Cleaned
23%
Dissertation
23%
far
23%
how
23%
still
23%
stupid
23%
valedictorian
23%
came
19%
Red
19%
us
19%
when
19%
don't
16%
get
16%
hop
16%
League
16%
now
16%
scared
16%
down
13%
eat
13%
haters
13%
ki
13%
people
13%
teach
13%
that
13%
they
13%
thing
13%
your
13%
career
10%
delorean
10%
doin
10%
done
10%
Jesus
10%
made
10%
moments
10%
pain
10%
sayin
10%
student
10%
while
10%
all
6%
around
6%
changed
6%
complacent
6%
hustlers
6%
if
6%
just
6%
outta
6%
some
6%
that's
6%
world
6%
after
3%
face
3%
hear
3%
livin
3%
okay
3%
preach
3%
receive
3%
tell
3%
you're
3%
ef
0%
furutre
0%
peep
0%
stole
0%
them
0%
time
0%
No matching quizzes found
Score Distribution
Percent of People with Each Score
Percentile by Number Answered
Your Score History
You have not taken this quiz